000 00494nam a2200193 a 4500
001 1775634810957
003 YourLibrary
005 20260408132852.0
008 260408s1996##################000#0#eng##
020 _a9783631500613
082 0 4 _a362.1DRE
100 1 _aDrescher, Horst W.,
_eauthor.
245 1 0 _aScotland to Slovenia :
260 _bPeter Lang Publishing,
_c1996.
300 _a292 pages
650 0 _aEurope.
942 _cENGLISH
040 _aYourLibrary
_beng
_cYourLibrary
999 _c619179
_d619179